000 00310nam a2200145Ia 4500
100 _aWeste/ Eshraghian K
250 _a2
942 _cBK
654 _acmos
245 _aPrinciples of CMOS VLSI design
260 _bPearson Education
_c1993
082 _a621.395
_bWES
300 _a713
546 _aENGLISH
999 _c23088
_d23088